Loading...

Dictionary of environmental economics /

Bibliografiske detaljer
Andre forfattere: Madhu Raj
Format: Printed Book
Udgivet: New Delhi: Sarup & Sons, 2005.
Fag:
LEADER 00524cam a2200157ua 4500
008 100913t2005||||||||||| 00 ||||| c
082 |a 333.703  |b MAD/D 
245 0 0 |a Dictionary of environmental economics /  
260 |a New Delhi:  |b Sarup & Sons,  |c 2005. 
300 |a 331p.. 
362 1 |a 2005. 
650 0 |a Environmental economics-Dictionaries 
700 0 2 |a Madhu Raj,  
942 |c BK 
999 |c 23333  |d 23333 
952 |0 0  |1 0  |4 0  |6 333_703000000000000_MAD  |7 0  |9 24787  |a KUCL  |b KUCL  |d 2014-05-23  |l 0  |o 333.703 MAD/  |p 23856  |r 2017-03-10  |w 2014-05-23  |y BK